Score 0/25 Timer 10:00
0 Plays Today
% Correct
Mary Shelley
87.4%
Aldous Huxley
85.6%
H.G. Wells
81.9%
Michael Crichton
81.7%
Suzanne Collins
80.7%
Douglas Adams
78.7%
Margaret Atwood
78.1%
Ray Bradbury
77.1%
Kurt Vonnegut
76.9%
Philip K Dick
76.3%
Frank Herbert
72.6%
Isaac Asimov
58.6%
Orson Scott Card
55.2%
% Correct
Robert A. Heinlein
51.3%
Lois Lowry
41.2%
Kazuo Ishiguro
31.2%
Andy Weir
30.2%
Ernest Cline
28.2%
David Mitchell
27.8%
Neal Stephenson
27.6%
P. D. James
19.1%
Justin Cronin
14%
Richard K. Morgan
11.2%
Nicola Griffith
6.9%
Karen Lord
5.3%
Come Together.
Have Fun.
All Virtual.
We all need to come together. Play Sporcle's virtual live trivia to have fun, connect with people, and get your trivia on. Join a live hosted trivia game for your favorite pub trivia experience done virtually. If a virtual private party is more your thing, go here for details.

You're not logged in!

Compare scores with friends on all Sporcle quizzes.
OR
Log In

Sporcle TV

Today on Sporcle TV


Watch our educational content, quiz creation guides, and fun videos on Sporcle TV.

Show Comments

Extras

Top Quizzes Today


Score Distribution

Paid Content

Your Account Isn't Verified!

In order to create a playlist on Sporcle, you need to verify the email address you used during registration. Go to your Sporcle Settings to finish the process.

Report this User

Report this user for behavior that violates our Community Guidelines.

Details: